SIDA : realidades y fantasías /

Sábháilte in:
Sonraí bibleagrafaíochta
Príomhchruthaitheoir: Rozenbaum, Willy (autor)
Rannpháirtithe: Seux, Didier (autor) (autor), Kouchner, Annie (autor) (autor)
Formáid: LEABHAR
Teanga:Spáinnis
Foilsithe / Cruthaithe: México : Katún, 1985, c1985
Eagrán:2a edición
Sraith:(Ciencia Katún ; 2)
Ábhair:
Clibeanna: Cuir clib leis
Níl clibeanna ann, Bí ar an gcéad duine le clib a chur leis an taifead seo!

MARC

LEADER 00000nam^a2200000^a^4500
001 000038365
005 20250521000000.0
009 20260310085503.986
020 |a 968-850-038-0 
037 |a Acervo ITESO - Biblioteca 
041 |a ESP 
082 |a 616. 9792  |b ROZ 
100 |a Rozenbaum, Willy  |e (autor) 
245 1 0 |a SIDA :  |b realidades y fantasías /  |c W. Rozenbaum, D. Seux, A. Kouchner ; tr. por Isabel Custodio. 
250 |a 2a edición 
264 4 |a México :  |b Katún,  |c 1985, c1985 
300 |a 167 p. 
336 |a texto  |b txt  |2 rdacontenido 
337 |a sin mediación  |b n  |2 rdamedio 
338 |a volumen  |b nc  |2 rdasoporte 
440 1 |a (Ciencia Katún ;  |v 2) 
649 |a XX 
650 |a SIDA 
650 |a Enfermedades Virales 
650 |a Epidemias 
650 |a Salud Pública 
650 |a Medicina 
650 |a Sociología de la Medicina 
700 |a Seux, Didier  |e (autor) 
700 |a Kouchner, Annie  |e (autor) 
910 |a Fondo General 
920 |a Impresos - Libros 
930 |a Colección General 
905 |a 101 
901 |a 0383650100  |b IT1  |c ACC  |i 038365  |u 20250521 
902 |a https://opac.biblio.iteso.mx/vufind/Record/000038365